[Hurban, Jozef Miloslav - dokumenty: diplom o udelení doktorátu]

Zobrazenie: Reprodukcia diplomu o udelení doktorátu teológie Jozefovi Miloslavovi Hurbanovi v roku 1860.

Bibliographic Details
Corporate Author: Slovenské národné múzeum v Martine (Photographer)
Other Authors: Dérer, Ján, 1922-1986 (Photographer)
Format: Photo
Language:Slovak
PhysicalDescription:1 fotografia čb 18 x 13 cm
Published: [S.l. s.n. s.a.]
Subjects:

MARC

LEADER 00000nkmaa2200000 a 4500
001 vtls011739663
003 SK-MaSNL
005 20260331211412.0
007 kh bo
008 251016n xo | ||00 k|slo
035 |a FDFEDC43-46EE-45E1-80B0-4FA40FBB6F24 
035 |a urn:nbn:sk:snk-km43ig8 
035 |a urn:nbn:sk:snk-km00e767 
040 |a SNKLA  |b slo  |c SNKLA  |e AACR2 
041 0 |a slo 
044 |a xo  |c SK 
100 1 |a Dérer, Ján,  |d 1922-1986  |4 pht  |9 171958 
245 1 0 |a [Hurban, Jozef Miloslav - dokumenty: diplom o udelení doktorátu]  |h grafika 
260 |a [S.l.  |b s.n.  |c s.a.] 
300 |a 1 fotografia  |b čb  |c 18 x 13 cm 
520 2 |a Zobrazenie: Reprodukcia diplomu o udelení doktorátu teológie Jozefovi Miloslavovi Hurbanovi v roku 1860. 
600 1 7 |a Hurban, Jozef Miloslav,  |d 1817-1888  |2 SNKMA  |9 93005 
650 0 7 |a dokumenty  |2 SNKPH  |9 21311 
655 7 |a fotografie  |2 SNKPH  |9 70713 
710 2 |a Slovenské národné múzeum v Martine  |4 pht  |9 34474 
852 7 |a Slovenská národná knižnica v Martine  |b Literárny archív 
958 |a ZO 
958 |a BLA 
999 |c 596117  |d 598047 
952 |a SNKLA  |b SNKLA  |c SNKLA_DEP  |y NEVYP  |7 0  |p 17A1227047  |o snkK 4a/151  |i snkLA 5391/1981  |0 0  |1 0  |4 0  |d 2018-01-31  |f 1  |l 0  |r 2026-02-23 15:39:01  |w 2026-02-23